000
00266nam a2200109 a 4500
008
111125s2003|||| d
100
1
_a
Sikula, Petr
245
1
0
_a
Moravskoslezský kraj
260
_b
Moravskoslezsky kraj
_a
Ostrava
_c
2003
020
_c
100
044
_a
Sk
999
_c
18319
_d
18319